000 00217 a2200097 4500
001 18496
100 _aJohnson W
245 _aImpact strength of materials
260 _a
_bEdward Arnold
_c1972
090 _c13732
_d13732
942 _aNUST-CAE
_cM
_c4150
999 _c253569
_d253569